Literary creations on the road women's travel diaries in early modern Japan /

Պահպանված է:
Մատենագիտական մանրամասներ
Հիմնական հեղինակ: Keiko, Sheiba
Համատեղ հեղինակ: ebrary, Inc
Այլ հեղինակներ: Ezaki, Motoko
Ձևաչափ: Էլեկտրոնային էլ․ գիրք
Լեզու:անգլերեն
Հրապարակվել է: Lanham, MD : University Press of America, 2012.
Խորագրեր:
Առցանց հասանելիություն:An electronic book accessible through the World Wide Web; click to view
Ցուցիչներ: Ավելացրեք ցուցիչ
Չկան պիտակներ, Եղեք առաջինը, ով նշում է այս գրառումը!

MARC

LEADER 00000nam a2200000Ia 4500
001 ebr10618552
003 CaPaEBR
006 m u
007 cr cn|||||||||
008 111102s2012 mdu sb 001 0 eng d
020 |z 9780761856689 
020 |z 9780761856696 
040 |a CaPaEBR  |c CaPaEBR 
035 |a (OCoLC)820818738 
050 1 4 |a PL725  |b .K4513 2012eb 
100 1 |a Keiko, Sheiba. 
245 1 0 |a Literary creations on the road  |h [electronic resource] :  |b women's travel diaries in early modern Japan /  |c Sheiba Keiko; translated with notes by Motoko Ezaki. 
260 |a Lanham, MD :  |b University Press of America,  |c 2012. 
300 |a xi, 143 p. 
504 |a Includes bibliographical references and index. 
533 |a Electronic reproduction.  |b Palo Alto, Calif. :  |c ebrary,  |d 2011.  |n Available via World Wide Web.  |n Access may be limited to ebrary affiliated libraries. 
650 0 |a Women authors, Japanese. 
650 0 |a Women  |z Japan. 
655 7 |a Electronic books.  |2 local 
700 1 |a Ezaki, Motoko. 
710 2 |a ebrary, Inc. 
856 4 0 |u http://site.ebrary.com/lib/daystar/Doc?id=10618552  |z An electronic book accessible through the World Wide Web; click to view 
999 |c 192802  |d 192802